000 02727nam a2201093 a 4500
003 PE-LiUPU
005 20250813185653.0
008 100226s2003 che g 00010 spa
020 _a9786124466052
040 _bspa
_cPE-LiUPU
_dPE-LiUPU
_erda
082 _a363.78534
_223
_bW726c
100 _aWilliams, Patrick Ryan
_eautor
_9996
245 0 3 _aEl Cambio climático en los andes antiguos :
_bPolíticas de gestión del agua y formaciones sociales en Moquegua, Perú /
_cPatrick Ryan Williams
250 _aPrimera edición
264 _aMoquegua :
_bUniversidad Nacional de Moquegua,
_c2020.
300 _a221 páginas :
_bilustrado, fotos ;
_c24 centímteros.
500 _aIncluye referencias bibliográficas.
505 _aLa tierra viva -- Un oasis en el desierto -- Modelación de paisajes -- Los primeros agricultores -- ¿Innovadores o entrometidos? -- Colonización y colapso -- Florecimiento cultural en la costa -- Resurgimiento en las tierras altas -- El regreso del imperio -- Agricultura y sociedad en los andes.
526 _aP202
526 _aP201
526 _aP163
526 _aP162
526 _aP161
526 _aP160
526 _aP148
526 _aP147
526 _aP146
526 _aP145
526 _aP144
526 _aP143
526 _aP142
526 _aP141
526 _aP140
526 _aP139
526 _aP138
526 _aP137
526 _aP136
526 _aP135
526 _aP134
526 _aP133
526 _aP129
526 _aP128
526 _aP127
526 _aP120
526 _aP119
526 _aP118
526 _aP116
526 _aP115
526 _aP114
526 _aP110
526 _aP109
526 _aP108
526 _aP104
526 _aP103
526 _aP102
526 _aP99
526 _aP98
526 _aP97
526 _aP96
526 _aP95
526 _aP93
526 _aP90
526 _aP89
526 _aP88
526 _aP83
526 _aP82
526 _aP62
526 _aP59
526 _aP58
526 _aP57
526 _aP51
526 _aP49
526 _aP48
526 _aP47
526 _aP29
526 _aP24
526 _aP20
526 _aP19
526 _aP17
526 _aP15
526 _aP14
526 _aP12
526 _aP10
526 _aP09
526 _aP08
526 _aP07
526 _aP06
526 _aP05
526 _aP04
526 _aP01
650 _aCambios climáticos.
_xHistoria
_yÉpoca Prehispánica.
_zMoquegua
942 _2ddc
_cBK
_n0
999 _c61762
_d61762
980 _618226
_aJaime Vilcazán Jefe de Análisis Documental
_81
_gALBERTO SANCHEZ Responsable de Automatización